| 000 | 00479nam a22001697a 4500 | ||
|---|---|---|---|
| 003 | OSt | ||
| 005 | 20140310181802.0 | ||
| 008 | 130703t xxu||||| |||| 00| 0 eng d | ||
| 020 | _a0192827081 | ||
| 050 |
_aPA 31 _b.C744 1993 |
||
| 082 |
_aREF 803 _bC56 1993 |
||
| 245 |
_aThe Concise Oxford companion to classical literature / _cHowatson, M. C. |
||
| 260 |
_aNew York : _bOxford University Press, _cc1993. |
||
| 300 |
_a575 p. : _c20 cm. |
||
| 942 |
_2lcc _cBK |
||
| 999 |
_c3661 _d3661 |
||